000 00833na a2200265 4500
001 24097
003 MIRAKIL
005 20181213155330.0
008 180326b tu 000 0
020 _a9755332936
040 _aMilas
_btur
_cTR-AnCHP
041 _atur
082 _a320.9561
_bM24t 1999
090 _a320.9561 M24t 1999
100 _aMakal, Ahmet
245 _aTürkiye'de tek partili dönemde çalışma ilişkileri :1920-1946
_cAhmet Makal
260 _aAnkara
_bİmge Kitabevi
_c1999
_fPelin Ofset
300 _a515 s.
_c19 sm.
504 _aKaynakça var.
650 _aSiyasi partiler
_xTürkiye
_yTarih
650 _aSiyaset bilimi
_xSiyasi partiler
_yTürkiye
651 _aTürkiye
_xSiyaset ve yönetim
_yTek partili dönem
651 _aTürkiye
_xSiyasi tarih
_yTek partili dönem
942 _2dcc
_cBKS
999 _c10659
_d10659